Kurukshetra (Record no. 11829)
[ view plain ]
| 000 -LEADER | |
|---|---|
| fixed length control field | 00533nas a22001697a 4500 |
| 003 - CONTROL NUMBER IDENTIFIER | |
| control field | OSt |
| 005 - DATE AND TIME OF LATEST TRANSACTION | |
| control field | 20230211124430.0 |
| 008 - FIXED-LENGTH DATA ELEMENTS--GENERAL INFORMATION | |
| fixed length control field | 230207b ||||| |||| 00| 0 eng d |
| 040 ## - CATALOGING SOURCE | |
| Transcribing agency | NA |
| 082 ## - DEWEY DECIMAL CLASSIFICATION NUMBER | |
| Classification number | 338.954 |
| Item number | Rural Management |
| 245 ## - TITLE STATEMENT | |
| Title | Kurukshetra |
| Remainder of title | A Journal of Rural Management |
| Statement of responsibility, etc | Kurukshetra University |
| 260 ## - PUBLICATION, DISTRIBUTION, ETC. (IMPRINT) | |
| Place of publication, distribution, etc | New Delhi |
| Name of publisher, distributor, etc | NIC Publication Division |
| 310 ## - CURRENT PUBLICATION FREQUENCY | |
| Current publication frequency | Monthly |
| 710 ## - ADDED ENTRY--CORPORATE NAME | |
| Corporate name or jurisdiction name as entry element | Shiela Chaudhary |
| 856 ## - ELECTRONIC LOCATION AND ACCESS | |
| Uniform Resource Identifier | <a href="https://www.publicationsdivision.nic.in/journals/index.php?route=page/kurukshetra">https://www.publicationsdivision.nic.in/journals/index.php?route=page/kurukshetra</a> |
| 942 ## - ADDED ENTRY ELEMENTS (KOHA) | |
| Source of classification or shelving scheme | Dewey Decimal Classification |
| Koha item type | Periodicals |
| Serial record | 1 |
| Withdrawn status | Lost status | Source of classification or shelving scheme | Damaged status | Not for loan | Home library | Current library | Shelving location | Date acquired | Serial Enumeration / Volume No. | Total Checkouts | Date last seen | Bill Date | Koha item type |
|---|---|---|---|---|---|---|---|---|---|---|---|---|---|
| Dewey Decimal Classification | PIET NCR College Library | PIET NCR College Library | Periodical Section | 11/02/2023 | Vol 70, No 12 | 11/02/2023 | 11/02/2023 | Periodicals | |||||
| Dewey Decimal Classification | PIET NCR College Library | PIET NCR College Library | Periodical Section | 11/02/2023 | Vol 71, No 1 | 11/02/2023 | 11/02/2023 | Periodicals | |||||
| Dewey Decimal Classification | PIET NCR College Library | PIET NCR College Library | Periodical Section | 11/02/2023 | Vol 71, No 3 | 11/02/2023 | 11/02/2023 | Periodicals | |||||
| Dewey Decimal Classification | PIET NCR College Library | PIET NCR College Library | Periodical Section | 20/05/2023 | Vol. 71, No. 4 | 20/05/2023 | Periodicals | ||||||
| Dewey Decimal Classification | PIET NCR College Library | PIET NCR College Library | Periodical Section | 20/05/2023 | Vol. 71, No. 5 | 20/05/2023 | Periodicals | ||||||
| Dewey Decimal Classification | PIET NCR College Library | PIET NCR College Library | Periodical Section | 20/05/2023 | Vol.71, No. 6 | 20/05/2023 | 20/05/2023 | Periodicals | |||||
| Dewey Decimal Classification | PIET NCR College Library | PIET NCR College Library | Periodical Section | 20/05/2023 | Vol.71, No. 7 | 20/05/2023 | Periodicals |